How to teach English with technology

Guardat en:
Dades bibliogràfiques
Autor principal: Dudeney, Gavin
Format: Llibre
Idioma:Undetermined
Publicat: Harlow Pearson Education 2007
Matèries:
Etiquetes: Afegir etiqueta
Sense etiquetes, Sigues el primer a etiquetar aquest registre!
Thư viện lưu trữ: Trung tâm Học liệu Trường Đại học Cần Thơ
LEADER 00775nam a2200241Ia 4500
001 CTU_132916
008 210402s9999 xx 000 0 und d
020 |c 527000 
082 |a 428.007 
082 |b D845 
100 |a Dudeney, Gavin 
245 0 |a How to teach English with technology 
245 0 |c Gavin Dideney, Nicky Hockly; Series editor Jeremy Harmer 
260 |a Harlow 
260 |b Pearson Education 
260 |c 2007 
526 |a Ứng dụng công nghệ thông tin trong dạy học Tiếng Anh 
526 |b SG200 
650 |a English languages,Anh ngữ 
650 |x Teaching method,Phương pháp giảng dạy 
904 |i Hạ Nguyên 
910 |a Kèm 1 CD - ROM 
980 |a Trung tâm Học liệu Trường Đại học Cần Thơ